BSOP header

Polity and practice in Baptist churches / (Record no. 20209)

MARC details
000 -LEADER
fixed length control field 00590nam a2200145 4500
008 - FIXED-LENGTH DATA ELEMENTS--GENERAL INFORMATION
fixed length control field 040608s1935 paua b 001 0 eng
090 ## - LOCALLY ASSIGNED LC-TYPE CALL NUMBER (OCLC); LOCAL CALL NUMBER (OCLC)
Classification number (OCLC) (R) ; Classification number, CALL (RLIN) (NR) BX6340
Local cutter number (OCLC) ; Book number/undivided call number, CALL (RLIN) M23
100 1# - MAIN ENTRY--PERSONAL NAME
Personal name McNutt, William Roy,
Dates associated with a name 1879-
245 10 - TITLE STATEMENT
Title Polity and practice in Baptist churches /
Statement of responsibility, etc by William Roy McNutt ... foreword by Douglas Clyde Macintosh ....
260 ## - PUBLICATION, DISTRIBUTION, ETC. (IMPRINT)
Place of publication, distribution, etc Philadelphia,
-- Boston [etc.] :
Name of publisher, distributor, etc The Judson Press,
Date of publication, distribution, etc [1935]
300 ## - PHYSICAL DESCRIPTION
Extent 6 p. l., 274 p. fold. diagr.
Dimensions 20 cm.
504 ## - BIBLIOGRAPHY, ETC. NOTE
Bibliography, etc Bibliography: p. 269-272.
650 #4 - SUBJECT ADDED ENTRY--TOPICAL TERM
Topical term or geographic name as entry element Baptists
General subdivision Government.
951 ## - EQUIVALENCE OR CROSS-REFERENCE-GEOGRAPHIC NAME/AREA NAME [OBSOLETE] [CAN/MARC only]
General subdivision 00028257
951 ## - EQUIVALENCE OR CROSS-REFERENCE-GEOGRAPHIC NAME/AREA NAME [OBSOLETE] [CAN/MARC only]
-- 27136
-- BX6340/M23
-- 070613111359468
-- 2000-12-21
-- GC
Holdings
Withdrawn status Lost status Damaged status Not for loan Home library Current library Shelving location Date acquired Accession number Shelving control number Total Checkouts Full call number Barcode Date last seen Price effective from Koha item type
        BSOP Library BSOP Library GC 12/21/2000 27136 127   BX6340/M23 00028257 02/23/2013 02/23/2013 Books
BSOP

Biblical Seminary of the Philippines
  All rights Reserved
  © 2024

CONTACT INFORMATION

Biblical Seminary of the Philippines,
  77-B Karuhatan Road, Valenzuela City,
  PHILIPPINES 1441
  Phone: +632 8292-6795 / 8292-6798
  Fax : +632 8292-6675
  Email: library@bsop.edu.ph